Normal view
MARC view
Entry Personal Name
001 - CONTROL NUMBER
- control field: 28077
003 - CONTROL NUMBER IDENTIFIER
- control field: ARRUPE
005 - DATE AND TIME OF LATEST TRANSACTION
- control field: 20161215084720.0
008 - FIXED-LENGTH DATA ELEMENTS
- fixed length control field: 161215|| aca||aabn | a|a d
040 ## - CATALOGING SOURCE
- Original cataloging agency: ARRUPE
- Transcribing agency: ARRUPE
100 ## - HEADING--PERSONAL NAME
- Personal name: Furnish, Victor Paul
670 ## - SOURCE DATA FOUND
- Source citation: Work cat.: (ARRUPE)23931: Furnish, Victor Paul, II Corinthians